<?xml version="1.0" encoding="UTF-8"?>
<record
    xmlns:xsi="http://www.w3.org/2001/XMLSchema-instance"
    xsi:schemaLocation="http://www.loc.gov/MARC21/slim http://www.loc.gov/standards/marcxml/schema/MARC21slim.xsd"
    xmlns="http://www.loc.gov/MARC21/slim">

  <leader>01088cas a2200217 a 4500</leader>
  <datafield tag="999" ind1=" " ind2=" ">
    <subfield code="c">17242</subfield>
    <subfield code="d">17242</subfield>
  </datafield>
  <controlfield tag="005">20181226190935.0</controlfield>
  <controlfield tag="008">000802d19991999ck  rzp r     0 uub0spa d</controlfield>
  <datafield tag="040" ind1=" " ind2=" ">
    <subfield code="a">CO-BoBLA </subfield>
    <subfield code="c">CO-BoBLA</subfield>
    <subfield code="d">CO-BoIAVH</subfield>
  </datafield>
  <datafield tag="041" ind1="0" ind2=" ">
    <subfield code="a">spa</subfield>
  </datafield>
  <datafield tag="044" ind1=" " ind2=" ">
    <subfield code="a">ck</subfield>
  </datafield>
  <datafield tag="090" ind1=" " ind2=" ">
    <subfield code="a">SE</subfield>
  </datafield>
  <datafield tag="245" ind1="0" ind2="0">
    <subfield code="a">Chinango : </subfield>
    <subfield code="b">Organo informativo del Centro de Investigaciones Etnolol&#xF3;gicas al servicio de las comunidades tradicionales de Colombia.</subfield>
  </datafield>
  <datafield tag="260" ind1=" " ind2=" ">
    <subfield code="a">Quibd&#xF3; (Chioc&#xF3;, Colombia) : </subfield>
    <subfield code="b">Centro de Investigaciones Etnolol&#xF3;gicas, </subfield>
    <subfield code="c">[1999]-</subfield>
  </datafield>
  <datafield tag="300" ind1=" " ind2=" ">
    <subfield code="b">ilustraciones ;  </subfield>
    <subfield code="c">28 cm.</subfield>
  </datafield>
  <datafield tag="650" ind1="2" ind2="6">
    <subfield code="a">Biodiversidad</subfield>
    <subfield code="x">Legislaci&#xF3;n medioambiental</subfield>
    <subfield code="z">Colombia</subfield>
    <subfield code="v"> Publicaciones peri&#xF3;dicas</subfield>
  </datafield>
  <datafield tag="650" ind1="2" ind2="6">
    <subfield code="a">Medicina alternativa</subfield>
    <subfield code="x">Legislaci&#xF3;n</subfield>
    <subfield code="z">Colombia</subfield>
    <subfield code="v">Publicaciones peri&#xF3;dicas</subfield>
  </datafield>
  <datafield tag="650" ind1="2" ind2="6">
    <subfield code="a">Medicina tradicional</subfield>
    <subfield code="x">Legislaci&#xF3;n</subfield>
    <subfield code="z">Colombia</subfield>
    <subfield code="v">Publicaciones peri&#xF3;dicas</subfield>
  </datafield>
  <datafield tag="651" ind1="2" ind2="6">
    <subfield code="a"> Quibd&#xF3; (Choc&#xF3;, Colombia)</subfield>
    <subfield code="x"> Descripci&#xF3;n.</subfield>
    <subfield code="v">Publicaciones peri&#xF3;dicas</subfield>
  </datafield>
  <datafield tag="710" ind1="2" ind2=" ">
    <subfield code="a">Centro de Investigaciones Etnol&#xF3;gicas al Servicio de las Comunidades Tradicionales de Colombia</subfield>
    <subfield code="c">(Istmina, Choc&#xF3;)</subfield>
  </datafield>
  <datafield tag="942" ind1=" " ind2=" ">
    <subfield code="2">z</subfield>
    <subfield code="c">REVISTA</subfield>
  </datafield>
  <datafield tag="952" ind1=" " ind2=" ">
    <subfield code="0">0</subfield>
    <subfield code="1">0</subfield>
    <subfield code="2">ddc</subfield>
    <subfield code="4">0</subfield>
    <subfield code="7">0</subfield>
    <subfield code="8">HEMEROTECA</subfield>
    <subfield code="A">1997</subfield>
    <subfield code="B">1</subfield>
    <subfield code="C">1</subfield>
    <subfield code="I">INV2018</subfield>
    <subfield code="a">Bogota</subfield>
    <subfield code="b">Bogota</subfield>
    <subfield code="d">2004-06-30</subfield>
    <subfield code="e">Desconocido</subfield>
    <subfield code="h">N&#xFA;mero 1 (01/10/1997)</subfield>
    <subfield code="l">0</subfield>
    <subfield code="o">SE</subfield>
    <subfield code="p">016220</subfield>
    <subfield code="r">2015-03-25 00:00:00</subfield>
    <subfield code="t">Ej. 1</subfield>
    <subfield code="w">2015-03-25</subfield>
    <subfield code="x">Donacion</subfield>
    <subfield code="y">REVISTA</subfield>
  </datafield>
  <datafield tag="952" ind1=" " ind2=" ">
    <subfield code="0">0</subfield>
    <subfield code="1">0</subfield>
    <subfield code="4">0</subfield>
    <subfield code="7">0</subfield>
    <subfield code="8">HEMEROTECA</subfield>
    <subfield code="A">1999</subfield>
    <subfield code="B">1</subfield>
    <subfield code="C">2</subfield>
    <subfield code="I">INV2017</subfield>
    <subfield code="a">Villa</subfield>
    <subfield code="b">Villa</subfield>
    <subfield code="d">2004-06-30</subfield>
    <subfield code="e">Desconocido</subfield>
    <subfield code="l">0</subfield>
    <subfield code="o">SERIADAS 01477</subfield>
    <subfield code="p">016217</subfield>
    <subfield code="r">2015-03-25 00:00:00</subfield>
    <subfield code="t">1</subfield>
    <subfield code="w">2015-03-25</subfield>
    <subfield code="x">Donaci&#xF3;n</subfield>
    <subfield code="y">REVISTA</subfield>
  </datafield>
</record>
